000 00542nam a2200205Ia 4500
005 20250508164151.0
008 008 250505s9999 xx 000 0 eng d
020 _a0-521-01225-2
037 _aTextBook
040 _aFEDL
_beng
_cFEDL
041 _aeng
_2eng
084 _a371.3, LIP/R
_qFEDL
100 _aLipman Matthew
245 0 _aThinking in education
250 _a2nd
260 _aCambridge
_bCambridge University Press
_c2003
300 _axii,304
942 _cTB
_h371.3, LIP/R
999 _c1387421
_d1387421